01271 a2200205 45000010006000000050017000060080041000230030015000640400040000790800120001192450052002390200018002912640079003093000019003885050508004070410008009151000025009237000022009488560095009705699620260407155832.0260407a1991 arg spa dAR-UNSa-BCEJYS aAR-UNSa-BCEJYSbspacAR-UNSa-BCEJYS a330(8)xEconomía de América del Sur. Estados y Regiones de América del Sur. América Latina. Iberoamérica 10aThe public sector and the latin american crisis a1-55815-118-4 1aSan Franciso, California :bInternational Center for Economic Growthc1991 a352 p.c22 cm. a1. Public Sector and the Latin American Crisis: An Introduction – 2. Public Sector Behavior in Argentina – 3. Public Sector Adjustment to External Shocks and Domestic Pressures in Brazzil – 4. Public Sector Behavior in Highly Indebted Country: The Contrasting Chilean Experience – 5. Public Sector Behavior in Mexico – 6. The Behavior of the Public Sector in Peru: A Macroeconomic Approach – 7. Public Sector Behavior in Venezuela – 8. Comparative Analysis, Lesson, and Policy Conclusions  aspa1 aLarraín B., Felipe1 aSelowsky, Marcelo41uhttps://biblioeco.unsa.edu.ar/pmb/images/libros/L128636.jpgyImagen de portadaqimage/jpeg